| 000 | 01126cam a2200313 a 4500 | ||
|---|---|---|---|
| 001 | 3069142 | ||
| 003 | OSt | ||
| 005 | 20240717110436.0 | ||
| 008 | 970108s1997 dcua b i000 0 eng | ||
| 010 | _a 97003417 | ||
| 020 | _a082133879X | ||
| 040 | _cMUST | ||
| 041 | 0 | _aengfrespa | |
| 043 | _af-za--- | ||
| 082 | 0 | 0 |
_a338.9 BON 1997 _221 |
| 100 | 1 |
_aBonnick, Gladstone G., _d1933- _918802 |
|
| 245 | 1 | 0 |
_aZambia Country assistance review : _bturning an economy around / _cGladstone G. Bonnick. |
| 260 |
_aWashington, D.C. : _bWorld Bank, _cc1997. |
||
| 300 |
_axvii, 152 p. : _bill. ; _c28 cm. |
||
| 440 | 2 |
_aA World Bank operations evaluation study, _x1011-0984 _918803 |
|
| 504 | _aIncludes bibliographical references (p. 139). | ||
| 546 | _aEnglish, French, and Spanish. | ||
| 610 | 2 | 0 |
_aWorld Bank _zZambia. _918804 |
| 650 | 0 |
_aEconomic assistance _zZambia. _918805 |
|
| 650 | 0 |
_aStructural adjustment (Economic policy) _zZambia. _918806 |
|
| 906 |
_a7 _bcbc _corignew _d1 _eocip _f19 _gy-gencatlg |
||
| 942 |
_2ddc _cO_SHELF |
||
| 999 |
_c9216 _d9216 |
||